[Event "JUG-ch"]
[Site "Umag"]
[Date "1972.??.??"]
[Round "8"]
[White "Minic, Dragoljub"]
[Black "Bukic, Enver"]
[Result "1/2-1/2"]
[WhiteElo "2460"]
[BlackElo "2455"]

1.e4 c5 2.Nf3 d6 3.Bb5+ Bd7 4.Bxd7+ Qxd7 5.c4 Nc6 6.Nc3 g6 7.d4 cxd4 8.Nxd4 Bg7
9.Be3 Nh6 10.f3 f5 11.Qd2 Nf7 12.exf5 gxf5 13.f4 O-O 14.O-O Rae8 15.Rad1 Qc8
16.b3 b6 17.Nxc6 Qxc6 18.Bd4 Bxd4+ 19.Qxd4 Qc5 20.Rf2  1/2-1/2

[Event "Charlton op"]
[Site "Charlton"]
[Date "1973.06.30"]
[Round "2"]
[White "Wicker, Kevin J"]
[Black "Georgiou, D."]
[Result "1-0"]
[WhiteElo "2128"]
[BlackElo "1968"]

1.e4 c5 2.Nf3 d6 3.Bb5+ Nd7 4.d4 cxd4 5.Qxd4 Nf6 6.Bg5 a6 7.Bxf6 axb5 8.Bg5 Qb6
9.O-O e5 10.Qxb6 Nxb6 11.b3 Be7 12.Be3 Bd8 13.Rd1 Ke7 14.Nc3 b4 15.Nb5 d5
16.exd5 Bd7 17.Bc5+ Kf6 18.Nd6 Bg4 19.Bxb4 Bc7 20.Ne4+ Kf5 21.Nh4+ Kxe4 22.f3+  1-0

[Event "IBM-B"]
[Site "Amsterdam"]
[Date "1973.??.??"]
[Round "5"]
[White "Hecht, Hans Joachim"]
[Black "Sosonko, Gennadi"]
[Result "1-0"]
[WhiteElo "2505"]
[BlackElo "2430"]

1.e4 c5 2.Nf3 d6 3.Bb5+ Bd7 4.Bxd7+ Qxd7 5.c4 Nc6 6.Nc3 g6 7.d4 cxd4 8.Nxd4 Bg7
9.Be3 Nf6 10.f3 O-O 11.O-O Rfc8 12.b3 Qc7 13.Qd2 Qa5 14.Rac1 a6 15.Nxc6 Rxc6
16.Rfd1 b5 17.Nd5 Qxd2 18.Bxd2 Nxd5 19.cxd5 Rcc8 20.Ba5 f5 21.exf5 gxf5 22.Rc6 Kf7
23.f4 h5 24.Kf2 Bf6 25.Kf3 Rxc6 26.dxc6 Ke6 27.Re1+ Kd5 28.Rc1 Rc8 29.c7 Bd4
30.Rd1 e5 31.Bb6 Kc6 32.Bxd4 exd4 33.Rc1+ Kd7 34.Ke2 Re8+ 35.Kd3 Kc8 36.Kxd4 Re2
37.Kd5 Rxa2 38.Kxd6 Rxg2 39.Kc6 Rg4 40.Kb6 b4 41.Rc6  1-0

[Event "Bauang"]
[Site "Bauang"]
[Date "1973.??.??"]
[Round "5"]
[White "Estimo, Samuel"]
[Black "Ardiansyah, Haji"]
[Result "0-1"]
[WhiteElo "2350"]
[BlackElo "2350"]

1.e4 c5 2.Nf3 d6 3.Bb5+ Bd7 4.Bxd7+ Qxd7 5.O-O e5 6.d3 Nf6 7.Bg5 Be7 8.Nc3 Nc6
9.Bxf6 Bxf6 10.Nd5 Ne7 11.Nxe7 Qxe7 12.Nd2 O-O 13.Nb1 g6 14.Nc3 Bg7 15.Nd5 Qd7
16.g4 Kh8 17.Kh1 Rac8 18.c4 b5 19.Rg1 Rb8 20.b3 a5 21.Rb1 Rb7 22.Nc3 b4 23.Nd5 a4
24.Qe2 Ra8 25.Rg3 axb3 26.axb3 Ra3 27.g5 Qe6 28.Qf3 Rba7 29.h4 Ra2 30.Rg2 Rd2
31.h5 Raa2 32.h6 Bf8 33.Kg1 Rdb2 34.Rxb2 Rxb2 35.Qd1 Ra2 36.Kh2 f5 37.f3 Ra3
38.Qb1 f4 39.Nc7 Qc8 40.Nd5 Qd8 41.Qb2 Bxh6 42.Nxf4 Bg7 43.Nd5 h6 44.Rg1 Kh7
45.Rg3 Qa8 46.Rg2 Qf8 47.Rg3 h5 48.Kh3 Qa8 49.Nb6 Ra2 50.Qb1 Qa7 51.Na4 Qd7+
52.Rg4 hxg4+ 53.fxg4 Rf2 54.Qh1 Qf7 55.Kg3+ Kg8 56.Nb6 Qf4+ 57.Kh3 Rf3+  0-1

[Event "Canterbury"]
[Site "Canterbury"]
[Date "1973.??.??"]
[Round "5"]
[White "Stean, Michael"]
[Black "Mestel, A Jonathan"]
[Result "1-0"]
[WhiteElo "2320"]
[BlackElo "2270"]

1.e4 c5 2.Nf3 d6 3.Bb5+ Nd7 4.d4 a6 5.Bxd7+ Bxd7 6.Nc3 cxd4 7.Qxd4 Qa5 8.Bd2 Qc5
9.Qxc5 dxc5 10.Nd5 Rc8 11.Nb6 Rd8 12.Bf4 Bc6 13.Bc7 Bxe4 14.Bxd8 Bxf3 15.gxf3 Kxd8
16.O-O-O+ Kc7 17.Nd7 Nf6 18.Ne5 Rg8 19.Nxf7 g6 20.Rhe1 Nd7 21.f4 Rg7 22.Ng5  1-0

[Event "Chicago"]
[Site "Chicago"]
[Date "1973.??.??"]
[Round "1"]
[White "Karaklajic, Nikola"]
[Black "Weinstein, Norman"]
[Result "1/2-1/2"]
[WhiteElo "2420"]
[BlackElo "2200"]

1.e4 c5 2.Nf3 d6 3.Bb5+ Bd7 4.Bxd7+ Qxd7 5.c4 Nf6 6.Nc3 Nc6 7.d4 cxd4 8.Nxd4 Qg4
9.O-O Qxd1 10.Rxd1 g6 11.Ndb5 Rc8 12.Nd5 Bg7 13.Nbc7+ Kd7 14.Nxf6+ Kxc7 15.Nd5+ Kb8
16.Rb1 Nd4 17.Be3 Nc2 18.Nxe7 Nxe3 19.fxe3 Rc7 20.Nd5 Rxc4 21.Rf1 Rf8 22.Rf4 Be5
23.b3 Rc2 24.Rf2 Bxh2+ 25.Kf1 Rxf2+ 26.Kxf2 Be5 27.Ke2 f6 28.Rh1 Rf7 29.g4 Kc8
30.Kd3 Kd7 31.a4 Ke8 32.Kc4 Kf8 33.b4 Kg7 34.Nf4 Rc7+ 35.Kd5 Rc3 36.Ne6+ Kg8
37.Nd8 Rd3+ 38.Ke6 Rxe3 39.Rc1 Rxe4 40.Rc7 Bd4+ 41.Kd7 Bb6 42.Rxb7 Rxb4 43.Ne6 Bc5
44.Rc7 Kf7 45.Nd8+ Kg8 46.Ne6 Rb8 47.Kc6 Re8 48.Kd7 Rb8 49.Kc6 f5 50.gxf5 gxf5
51.Rg7+ Kh8 52.Rf7 Re8 53.Kd5 Kg8 54.Rxf5 h6 55.Rf6 Kh7 56.Nxc5 dxc5 57.Rf7+ Kg6
58.Rxa7 Rc8 59.Kc4 h5 60.Ra6+ Kg5 61.Ra7 h4 62.Rh7 Ra8 63.Kb5 Kg4 64.Rg7+ Kf3
65.Rh7 Kg3 66.Rg7+ Kh2 67.Rc7 Rh8 68.Rxc5 h3 69.Rg5 Kh1 70.a5 h2 71.a6 Rg8  1/2-1/2

[Event "Chicago"]
[Site "Chicago"]
[Date "1973.??.??"]
[Round "7"]
[White "Karaklajic, Nikola"]
[Black "Tarjan, James Edward"]
[Result "1-0"]
[WhiteElo "2420"]
[BlackElo "2415"]

1.e4 c5 2.Nf3 d6 3.Bb5+ Nd7 4.O-O Nf6 5.Re1 e5 6.c3 Be7 7.d4 O-O 8.Nbd2 a6
9.Bxd7 Nxd7 10.dxe5 Nxe5 11.Nxe5 dxe5 12.Nc4 f6 13.Qxd8 Bxd8 14.Nd6 b5 15.a4 Be6
16.Be3 c4 17.axb5 Be7 18.Red1 Rfd8 19.Rxa6 Rxa6 20.bxa6 Bc8 21.a7 Bb7 22.Bc5 Bxe4
23.f3 Ba8 24.Kf2 Bxd6 25.Bxd6 Rd7 26.f4 Kf7 27.g4 g6 28.g5 exf4 29.gxf6 g5
30.Rd4 Kxf6 31.Be5+ Ke6 32.Rxd7 Kxd7 33.Bf6 g4 34.Be5 f3 35.Ke3 Ke6 36.Bg3 Kd5
37.Kf4 h5 38.Kg5 Ke4 39.Kxh5 Kf5 40.Kh6 Kf6 41.Bh4+ Kf5 42.Kg7 Bd5 43.Bg3 Kg5
44.Bf2 Kf5 45.Bh4 Ba8 46.Kf7 Bb7 47.Ke7 Bd5 48.Kd6 Ba8 49.Bg3 Bb7 50.Kc5 Ke4
51.Kxc4 Ke3 52.Kb5 f2 53.Bxf2+ Kxf2 54.c4 Kg1 55.c5 Kxh2 56.c6 Ba8 57.c7  1-0

[Event "BCF-ch"]
[Site "Eastbourne"]
[Date "1973.??.??"]
[Round "5"]
[White "Williams, Arthur H"]
[Black "Miles, Anthony J"]
[Result "1/2-1/2"]
[WhiteElo "2395"]
[BlackElo "2375"]

1.e4 c5 2.Nf3 d6 3.Bb5+ Nc6 4.O-O Bd7 5.Re1 a6 6.Bf1 g6 7.h3 Bg7 8.c3 Qb6
9.Na3 Nf6 10.d4 cxd4 11.cxd4 d5 12.exd5 Nxd5 13.Nc4 Qc7 14.Ne3 Qd6 15.Nc4 Qc7
16.Ne3 Qb6  1/2-1/2

[Event "BCF-ch"]
[Site "Eastbourne"]
[Date "1973.??.??"]
[Round "5"]
[White "Botterill, George Steven"]
[Black "Whiteley, Andrew J"]
[Result "0-1"]
[WhiteElo "2410"]
[BlackElo "2340"]

1.e4 c5 2.Nf3 d6 3.Bb5+ Bd7 4.Bxd7+ Qxd7 5.c4 e5 6.d3 g6 7.Nc3 Bg7 8.Bg5 f6
9.Be3 Ne7 10.Nh4 O-O 11.g4 Nbc6 12.Rg1 Nd4 13.Ne2 b5 14.Nxd4 exd4 15.Bd2 bxc4
16.dxc4 Qb7 17.Qc2 Rab8 18.Rb1 Nc6 19.Kf1 Ne5 20.f4 d3 21.Qc3 Qxe4 22.Re1 Qxc4
23.Rg3 Qxc3 24.Bxc3 d2 25.Rd1 Nc4 26.b3 Nb6 27.Bxd2 d5 28.b4 cxb4 29.Bxb4 Rfe8
30.Bc5 Bf8 31.Bd4 Kf7 32.Rb3 Bd6 33.Ng2 Re4 34.Rf3 Nc4 35.Bc3 Bc5 36.Rfd3 Nb2
37.Bxb2 Rxb2 38.Rxd5 Rf2+ 39.Kg1 Bb6 40.Rd7+ Re7 41.Rxe7+ Kxe7 42.Re1+ Kd7
43.Kh1 Rxa2 44.h4 a5 45.Rb1 Kc6 46.Rc1+ Kd5 47.Rd1+ Bd4 48.f5 gxf5 49.Ne3+ Ke4
50.Nxf5 Ra1 51.Rxa1 Bxa1 52.Nd6+ Kf4 53.g5 f5 54.Kg2 a4 55.Nc4 Bg7 56.Kh3 Bd4
57.Na3 Bc5 58.Nb5 a3 59.Nc3 Bd4  0-1

[Event "USA-ch"]
[Site "El Paso"]
[Date "1973.??.??"]
[Round "4"]
[White "Mednis, Edmar John"]
[Black "Kavalek, Lubomir"]
[Result "0-1"]
[WhiteElo "2430"]
[BlackElo "2565"]

1.e4 c5 2.Nf3 d6 3.Bb5+ Bd7 4.Bxd7+ Qxd7 5.c4 e5 6.Nc3 Nc6 7.Nd5 Nge7 8.d3 Nxd5
9.cxd5 Nb4 10.a3 Na6 11.Nd2 Be7 12.Nc4 O-O 13.O-O f5 14.Bd2 f4 15.f3 b5 16.Na5 Bd8
17.Nc6 Bb6 18.Kh1 Nb8 19.Nxb8 Raxb8 20.Be1 c4 21.Bf2 Bxf2 22.Rxf2 cxd3 23.Rd2 Rfc8
24.Rxd3 b4 25.axb4 Rxb4 26.b3 Rb7 27.h3 Rbc7 28.Kh2 h5 29.Rd2 Rc3 30.Rda2 R8c7
31.b4 Kh7 32.Qe1 R3c4 33.Qh4 Kh6 34.Qf2 Rd4 35.Ra6 g6 36.Qa2 Qc8 37.Qa4 Rc2
38.Rc6 Rxg2+ 39.Kxg2 Rd2+ 40.Kf1 Qxh3+ 41.Ke1 Qg2  0-1

[Event "EU-ch U20 qual"]
[Site "Groningen"]
[Date "1973.??.??"]
[Round "6"]
[White "Makarichev, Sergey"]
[Black "Mestel, A Jonathan"]
[Result "1/2-1/2"]
[WhiteElo "2390"]
[BlackElo "2270"]

1.e4 c5 2.Nf3 d6 3.Bb5+ Bd7 4.Bxd7+ Qxd7 5.O-O Nc6 6.c3 Nf6 7.d4 Nxe4 8.d5 Nd8
9.Re1 Nf6 10.Bg5 Ng8 11.Na3 g6 12.Bf4 Bh6 13.Qd2 Bxf4 14.Qxf4 Kf8 15.c4 Kg7  1/2-1/2

[Event "Las Palmas"]
[Site "Las Palmas"]
[Date "1973.??.??"]
[Round "8"]
[White "Hug, Werner"]
[Black "Saidy, Anthony Fred"]
[Result "1/2-1/2"]
[WhiteElo "2475"]
[BlackElo "2425"]

1.e4 c5 2.Nf3 d6 3.Bb5+ Bd7 4.Bxd7+ Qxd7 5.c4 Nc6 6.O-O g6 7.d4 cxd4 8.Nxd4 Nf6
9.f3 Nxd4 10.Qxd4 Bg7 11.Nc3 O-O 12.Qd3 Rfc8 13.Be3 Qc7 14.b3 Qa5 15.Rac1 a6
16.Rfd1 Rc6 17.Bd4 Kf8 18.Nd5 Nxd5 19.cxd5 Rcc8 20.Bxg7+ Kxg7 21.Qd4+ f6
22.Qa4 Qxa4 23.bxa4 f5 24.exf5 gxf5 25.Kf2 Kf6 26.f4 b5 27.a5 Rc4 28.Rxc4 bxc4
29.Ke3 Rb8 30.Rd2 c3 31.Rc2 Rb2 32.Kd3 Rb5 33.Kxc3 Rxd5 34.Kb4 Rb5+ 35.Ka4 Rc5
36.Rb2 Rc4+ 37.Ka3 Rc5 38.Ka4 Rc4+ 39.Ka3 Rxf4 40.Rb6 Rf2 41.Rxa6 Rxg2 42.Ra8 e5
43.Rf8+ Ke6 44.a6 Rg7 45.Kb4 d5 46.Kc5 d4 47.Re8+ Kf6 48.Rd8 f4 49.Kd5 Ra7
50.Rf8+ Kg7 51.Rb8 Rxa6 52.Kxe5 Rxa2 53.Kxf4 Rxh2 54.Rd8 Rf2+ 55.Ke4 Re2+
56.Kd3 Re6 57.Rxd4 Kg6 58.Re4  1/2-1/2

[Event "Las Palmas"]
[Site "Las Palmas"]
[Date "1973.??.??"]
[Round "13"]
[White "Gheorghiu, Florin"]
[Black "Kavalek, Lubomir"]
[Result "1-0"]
[WhiteElo "2520"]
[BlackElo "2555"]

1.e4 c5 2.Nf3 d6 3.Bb5+ Nc6 4.O-O Bd7 5.Re1 a6 6.Bf1 Bg4 7.d3 Bxf3 8.Qxf3 g6
9.c3 Bg7 10.Nd2 e6 11.Nc4 b5 12.e5 Nxe5 13.Nxd6+ Ke7 14.Rxe5 Kxd6 15.Re1 Nf6
16.a4 Qc8 17.d4 c4 18.Bg5 Qc6 19.Bxf6  1-0

[Event "NLD-ch"]
[Site "Leeuwarden"]
[Date "1973.??.??"]
[Round "3"]
[White "Van Baarle, C John"]
[Black "Marcus, Joost"]
[Result "1-0"]
[WhiteElo "2320"]
[BlackElo "2395"]

1.e4 c5 2.Nf3 d6 3.Bb5+ Bd7 4.Bxd7+ Qxd7 5.c4 e5 6.d3 Nc6 7.Nc3 g6 8.O-O Bg7
9.Nd5 Nge7 10.Bg5 O-O 11.Bxe7 Nxe7 12.Nxe7+ Qxe7 13.Nd2 Rab8 14.a4 a6 15.Qb3 Qd7
16.Rfd1 h5 17.Qc2 Bh6 18.Nb1 Kg7 19.Nc3 Bg5 20.Nd5 b5 21.axb5 axb5 22.Nc3 bxc4
23.dxc4 Ra8 24.Nb5 Be7 25.Qd3 Qc6 26.Ra3 Rxa3 27.bxa3 Ra8 28.f3 Ra4 29.Qb3 Qa6
30.Qc3 Kg8 31.Rc1 Qa5 32.Qxa5 Rxa5 33.Kf2 Kf8 34.Ke2 Ke8 35.Kd3 Kd7 36.Kc3 Ra8
37.Ra1 Bd8 38.Rd1 Bc7 39.Kb3 Ra6 40.a4 Bd8 41.Rd3 Ba5 42.f4 exf4 43.e5 Bc7
44.Rd5 h4 45.h3 Bb8 46.exd6 Bxd6 47.a5 Ke6 48.Ka4 f5 49.Nxd6 Rxd6 50.Kb5 g5
51.a6 g4 52.a7 Rxd5 53.cxd5+ Kxd5 54.a8=Q+ Kd4 55.Qh8+ Ke3 56.Qxh4 f3 57.Qe1+  1-0

[Event "DSV-Turnier"]
[Site "Leipzig"]
[Date "1973.??.??"]
[Round "14"]
[White "Jansa, Vlastimil"]
[Black "Gruenberg, Hans Ulrich"]
[Result "1-0"]
[WhiteElo "2475"]
[BlackElo "2290"]

1.e4 c5 2.Nf3 d6 3.Bb5+ Nd7 4.d4 Nf6 5.Nc3 cxd4 6.Qxd4 e5 7.Qd3 h6 8.Nd2 a6
9.Bxd7+ Bxd7 10.Nc4 Be6 11.Be3 Bxc4 12.Qxc4 Be7 13.O-O O-O 14.a4 Rc8 15.Qb3 Qd7
16.f3 Rc7 17.Rf2 Qe6 18.Rd1 Rfc8 19.Nd5 Nxd5 20.Rxd5 Kh8 21.Qd3 Rc4 22.a5 R8c6
23.c3 g5 24.Rc2 Qc8 25.Rc1 Qc7 26.Kh1 Kg7 27.g4 Qc8 28.Bb6 h5 29.h3 f6 30.Kg2 h4
31.Qd2 Kf7 32.Rd3 Rxb6 33.axb6 Rc6 34.b4 Rxb6 35.Qa2+ Qe6 36.Rd5 Kf8 37.Qd2 Qc8
38.Qe3 Qc7 39.Kf2 Rc6 40.b5 Rc4 41.Kg2 Kf7 42.bxa6 bxa6 43.Qd2 Qb6 44.Qa2 Kg7
45.Rd3 Qb5 46.Qb1 Qc6 47.Qb3 Bd8 48.Rb1 Bc7 49.Kf1 Kf8 50.Ke2 Ke7 51.Qa3 Ra4
52.Qb3 Rc4 53.Kd2 Qc5 54.Re3 Ba5 55.Ke2 Bc7 56.Kd3 d5 57.exd5 Qxd5+ 58.Kc2 Qc5
59.Rd3 e4 60.Re1 f5 61.gxf5 Kf6 62.Rxe4 Rxe4 63.fxe4  1-0

[Event "CSR-ch"]
[Site "Luhacovice"]
[Date "1973.??.??"]
[Round "1"]
[White "Lechtynsky, Jiri"]
[Black "Mukhin, Mikhail A"]
[Result "1/2-1/2"]
[WhiteElo "2370"]
[BlackElo "2420"]

1.e4 c5 2.Nf3 d6 3.Bb5+ Nd7 4.d4 cxd4 5.Qxd4 a6 6.Bxd7+ Bxd7 7.Nc3 Nf6 8.O-O e6
9.Bg5 Be7 10.Rfe1 O-O 11.Rad1 Bc6 12.Bxf6 Bxf6 13.Qxd6 Bxc3 14.Qxd8 Rfxd8
15.Rxd8+ Rxd8 16.bxc3 Ba4 17.Nd4 e5 18.Nb3 Kf8 19.f3  1/2-1/2

[Event "Netanya-B"]
[Site "Netanya"]
[Date "1973.??.??"]
[Round "2"]
[White "Bobis, L."]
[Black "Glusman, K."]
[Result "1-0"]
[WhiteElo "2200"]
[BlackElo "2200"]

1.e4 c5 2.Nf3 d6 3.Bb5+ Bd7 4.Bxd7+ Qxd7 5.O-O Nf6 6.Re1 e6 7.c4 Nc6 8.d4 cxd4
9.Nxd4 Be7 10.Nc3 O-O 11.b3 Rfd8 12.Bb2 Rac8 13.Rc1 a6 14.h3 Nxd4 15.Qxd4 b5
16.e5 Ne8 17.Ne4 d5 18.cxd5 Rxc1 19.Rxc1 Qxd5 20.Qxd5 Rxd5 21.Rc8 Rd1+ 22.Kh2 Rd8
23.Rc6 Ra8 24.Bd4 h6 25.Bc5 Bd8 26.Bd6 Nxd6 27.exd6 Kf8 28.Nc5 Ke8 29.Rc8 Ra7
30.Rb8  1-0

[Event "Netanya-B"]
[Site "Netanya"]
[Date "1973.??.??"]
[Round "8"]
[White "Glusman, K."]
[Black "Ostojic, Predrag"]
[Result "0-1"]
[WhiteElo "2200"]
[BlackElo "2440"]

1.e4 c5 2.Nf3 d6 3.Bb5+ Nd7 4.d4 cxd4 5.Qxd4 Nf6 6.e5 dxe5 7.Nxe5 a6 8.Ba4 b5
9.Bb3 e6 10.Nd3 Bb7 11.O-O Be7 12.Nc3 O-O 13.a3 Rc8 14.Bf4 Nb6 15.Qxd8 Rfxd8
16.Rad1 Nc4 17.Bxc4 Rxc4 18.Bg3 Ne4 19.Be5 f6 20.Nxe4 Bxe4 21.Bc3 Kf7 22.f3 Bg6
23.Rfe1 Rd5 24.Re2 Bxa3 25.Ra1 Bxd3 26.cxd3 Bc5+ 27.d4 Rdxd4 28.Bxd4 Bxd4+
29.Kf1 a5 30.Rxa5 Rb4 31.Ra2 g5 32.Rc2 h5 33.h3 Kg6 34.Ke2 g4 35.hxg4 hxg4
36.Ra1 gxf3+ 37.gxf3 Kf5 38.Rd1 e5 39.Rh1 Rb3 40.Rf1 Kf4 41.Rd2 f5 42.Rc2 b4
43.Rb1 Re3+ 44.Kd2 Rxf3 45.Rc4 b3 46.Rb4 Kg3 47.Ke2 f4 48.Rb8 Re3+ 49.Kd2 e4
50.Rg8+ Kf2 51.Rh1 Rd3+ 52.Kc1 f3  0-1

[Event "Netanya-A"]
[Site "Netanya"]
[Date "1973.??.??"]
[Round "14"]
[White "Kavalek, Lubomir"]
[Black "Kraidman, Yair"]
[Result "1/2-1/2"]
[WhiteElo "2565"]
[BlackElo "2455"]

1.e4 c5 2.Nf3 d6 3.Bb5+ Bd7 4.Bxd7+ Qxd7 5.c4 Nc6 6.Nc3 g6 7.d4 cxd4 8.Nxd4 Bg7
9.Be3 Nf6 10.f3 O-O 11.O-O Rfd8 12.Qd2 e6 13.Rad1 d5 14.exd5 exd5 15.Nxc6 bxc6
16.cxd5 Nxd5 17.Nxd5 Qxd5 18.Qxd5 Rxd5 19.b3 a5 20.Kf2 a4 21.Rxd5 cxd5 22.Rd1 axb3
23.axb3 d4 24.Bxd4 Rd8 25.Ke3 Re8+  1/2-1/2

[Event "Petropolis Interzonal"]
[Site "Petropolis"]
[Date "1973.??.??"]
[Round "8"]
[White "Hug, Werner"]
[Black "Savon, Vladimir A"]
[Result "1/2-1/2"]
[WhiteElo "2445"]
[BlackElo "2570"]

1.e4 c5 2.Nf3 d6 3.Bb5+ Bd7 4.Bxd7+ Qxd7 5.O-O Nf6 6.e5 dxe5 7.Nxe5 Qc8 8.Qf3 e6
9.Nc3 Be7 10.d3 Nbd7 11.Bf4 Nxe5 12.Bxe5 O-O 13.Rfe1 Qd7 14.Rad1 Rac8 15.h4 Qc6
16.Ne4 Nxe4 17.dxe4 f6 18.Bc3 Rfd8 19.h5 b5 20.Ba5 Rxd1 21.Rxd1 Kf7 22.Be1 b4
23.c4 a5 24.Qe2 Rd8 25.Rxd8 Bxd8 26.f4 a4 27.Qd3 Ke7 28.Bd2 g6  1/2-1/2

[Event "BCF-ch"]
[Site "Clacton on Sea"]
[Date "1974.08.13"]
[Round "8"]
[White "Wise, David"]
[Black "Hardy, Otto H"]
[Result "1-0"]
[WhiteElo "2200"]
[BlackElo "2200"]

1.e4 c5 2.Nf3 d6 3.Bb5+ Nd7 4.d4 Nf6 5.Nc3 cxd4 6.Qxd4 g6 7.Bg5 Bg7 8.O-O-O O-O
9.e5 dxe5 10.Nxe5 Qa5 11.Nc4 Qc7 12.Rhe1 a6 13.Bxd7 Nxd7 14.Nd5 Qxh2 15.Nxe7+ Kh8
16.Qe3 Qc7 17.Rh1 Nf6 18.Bxf6 Bxf6 19.Rxh7+  1-0

[Event "IBM-B"]
[Site "Amsterdam"]
[Date "1974.??.??"]
[Round "3"]
[White "Boey, Josef"]
[Black "Makarichev, Sergey"]
[Result "1/2-1/2"]
[WhiteElo "2435"]
[BlackElo "2440"]

1.e4 c5 2.Nf3 d6 3.Bb5+ Bd7 4.Bxd7+ Qxd7 5.c4 e5 6.Nc3 g6 7.d3 Bg7 8.Nd5 Ne7
9.Nxe7 Qxe7 10.O-O Nc6 11.Ne1 f5 12.Nc2 O-O 13.Ne3 Qh4 14.f3  1/2-1/2

[Event "IBM"]
[Site "Amsterdam"]
[Date "1974.??.??"]
[Round "4"]
[White "Kaplan, Julio P"]
[Black "Velimirovic, Dragoljub"]
[Result "0-1"]
[WhiteElo "2460"]
[BlackElo "2530"]

1.e4 c5 2.Nf3 d6 3.Bb5+ Bd7 4.Bxd7+ Qxd7 5.c4 Nc6 6.Nc3 g6 7.d4 cxd4 8.Nxd4 Bg7
9.Be3 Nf6 10.f3 O-O 11.O-O a6 12.Rc1 Rac8 13.b3 Nxd4 14.Bxd4 e6 15.Qd3 Rc6
16.Rcd1 Qc7 17.f4 Rc8 18.a4 Ng4 19.Bxg7 Kxg7 20.h3 Nf6 21.Qd4 Qb6 22.e5 Nd7
23.Ne4 dxe5 24.Qxb6 Nxb6 25.fxe5 R6c7 26.Nf6 Rf8 27.a5 Nc8 28.Rf4 Ne7 29.Rd7 Rxd7
30.Nxd7 Rc8 31.b4 Nc6 32.Nc5 Rc7 33.Nd3 Rd7 34.Nc5 Re7 35.Nd3 Rd7 36.Nc5 Rd1+
37.Kh2 Rb1 38.Nxb7 Rxb4 39.Nc5 Nxa5 40.Nxa6 Rxc4 41.Rf1 Re4 42.Nc7 Rxe5 43.Ne8+ Kg8
44.Nd6 f5 45.Rc1 Rd5 46.Rc8+ Kg7 47.Rc7+ Kf6 48.Ne8+ Ke5 49.Rc1 Kf4 50.Rf1+ Ke3
51.Nc7 Ke2 52.Ra1 Nb3 53.Nxe6 Nxa1 54.Nf4+ Kf2 55.Nxd5 Nc2 56.h4 Ne3 57.Nf4 Ng4+
58.Kh3 Ne5 59.Kh2 h6 60.Nh3+ Ke3 61.g3 Nd3 62.Kg2 f4 63.Ng1 Ne1+ 64.Kf1 Nf3
65.Nh3 Nd2+ 66.Kg2 f3+ 67.Kg1 Ne4 68.g4 g5 69.hxg5 Nxg5 70.Nf2 Ke2 71.Nh1 Ne4
72.Kh2 Kf1  0-1

[Event "IBM"]
[Site "Amsterdam"]
[Date "1974.??.??"]
[Round "5"]
[White "Jansa, Vlastimil"]
[Black "Tukmakov, Vladimir B"]
[Result "1/2-1/2"]
[WhiteElo "2535"]
[BlackElo "2570"]

1.e4 c5 2.Nf3 d6 3.Bb5+ Bd7 4.Bxd7+ Qxd7 5.c4 Nf6 6.Nc3 Nc6 7.d4 cxd4 8.Nxd4 g6
9.f3 Bg7 10.Be3 O-O 11.O-O Rac8 12.b3 Rfd8 13.Qd2 e6 14.Rac1 Qe8 15.Rfd1 a6
16.Qf2 Ne5 17.Qh4 Qf8 18.Nde2 h6 19.Rd2 b5 20.cxb5 axb5 21.Nxb5 Rxc1+ 22.Nxc1 d5
23.Nc3 g5 24.Qg3 dxe4 25.Qxe5 Rxd2 26.Bxd2 Qd8 27.Be1 exf3 28.Qg3 Qd4+ 29.Kh1 Qe3
30.N1e2 g4 31.gxf3 gxf3 32.Ng1 Nh5 33.Qf2 Qxf2 34.Bxf2 Bxc3 35.Nxf3 f5 36.Bd4 Bb4
37.a4 Nf4 38.Bb6 Nd5 39.Bd8 Kf8 40.Nd4 Ke8  1/2-1/2

[Event "IBM-B"]
[Site "Amsterdam"]
[Date "1974.??.??"]
[Round "9"]
[White "Makarichev, Sergey"]
[Black "Ghizdavu, Dumitru"]
[Result "1/2-1/2"]
[WhiteElo "2440"]
[BlackElo "2420"]

1.e4 c5 2.Nf3 d6 3.Bb5+ Bd7 4.Bxd7+ Qxd7 5.O-O Nc6 6.c3 Nf6 7.d4 Nxe4 8.d5 Ne5
9.Nxe5 dxe5 10.Re1 Nd6 11.Rxe5 g6 12.Na3 Bg7 13.Re1 O-O 14.Qf3 Rfe8 15.Bf4 Rad8
16.Rad1 b6 17.h3 h6 18.Be5 Qf5 19.Qxf5 Nxf5 20.Nc4 e6  1/2-1/2

[Event "DSV-Turnier"]
[Site "Halle"]
[Date "1974.??.??"]
[Round "?"]
[White "Ciocaltea, Victor"]
[Black "Boensch, Uwe"]
[Result "1/2-1/2"]
[WhiteElo "2470"]
[BlackElo "2360"]

1.e4 c5 2.Nf3 d6 3.Bb5+ Bd7 4.Bxd7+ Qxd7 5.c4 e5 6.Nc3 Nc6 7.d3 Nge7 8.O-O Ng6
9.Nd5 Be7 10.a3 O-O 11.b4 f5 12.b5 Nd8 13.exf5 Qxf5 14.Qe2 Qd7 15.Qe4 Ne6
16.h4 Rf7 17.h5 Ngf8 18.a4 Re8 19.a5 Bd8 20.a6 b6 21.Re1 Qc8 22.Qg4 Nd7 23.Nd2 Nf6
24.Nxf6+ Bxf6 25.Ne4 Qd8 26.Ra2 Kh8 27.Nc3 Nc7 28.Rae2 Ref8 29.Ne4 Be7 30.h6 Rg8
31.Qh3 g5 32.Ng3  1/2-1/2

[Event "HUN-ch"]
[Site "?"]
[Date "1974.??.??"]
[Round "?"]
[White "Adorjan, Andras"]
[Black "Csom, Istvan"]
[Result "1/2-1/2"]
[WhiteElo "2515"]
[BlackElo "2540"]

1.e4 c5 2.Nf3 d6 3.Bb5+ Nd7 4.d4 Nf6 5.Nc3 cxd4 6.Qxd4 e5 7.Qd3 h6 8.Nd2 Be7
9.Nc4 O-O 10.Bxd7 Bxd7 11.O-O Be6 12.Ne3 Rc8 13.Ned5  1/2-1/2

[Event "HUN-ch"]
[Site "?"]
[Date "1974.??.??"]
[Round "?"]
[White "Hazai, Laszlo"]
[Black "Dely, Peter"]
[Result "1/2-1/2"]
[WhiteElo "2420"]
[BlackElo "2470"]

1.e4 c5 2.Nf3 d6 3.Bb5+ Bd7 4.Bxd7+ Qxd7 5.c4 Nc6 6.d4 cxd4 7.Nxd4 g6 8.Nc3 Bg7
9.Be3 Nf6 10.f3 O-O 11.O-O Rfc8 12.b3 Qd8 13.Qd2 Qa5 14.Rac1 a6 15.Rfd1 Nxd4
16.Bxd4 b5 17.cxb5 axb5 18.Qf2 b4 19.Bxf6 Bxf6 20.Nd5 Rc5 21.Nxf6+ exf6 22.Rxc5  1/2-1/2

[Event "NLD-ch Leeuwarden"]
[Site "Leeuwarden"]
[Date "1974.??.??"]
[Round "5"]
[White "Van Dop, Arend J"]
[Black "Sosonko, Gennadi"]
[Result "1/2-1/2"]
[WhiteElo "2340"]
[BlackElo "2450"]

1.e4 c5 2.Nf3 d6 3.Bb5+ Bd7 4.Bxd7+ Qxd7 5.c4 Nc6 6.d4 cxd4 7.Nxd4 g6 8.Be3 Nf6
9.f3 Bg7 10.Nc3 O-O 11.O-O Rac8 12.b3 e6 13.Rc1 Rfd8 14.Qd2 d5 15.exd5 exd5
16.Nxc6  1/2-1/2

[Event "URS-ch42"]
[Site "Leningrad"]
[Date "1974.??.??"]
[Round "?"]
[White "Tal, Mihail"]
[Black "Balashov, Yuri S"]
[Result "1-0"]
[WhiteElo "2635"]
[BlackElo "2540"]

1.e4 c5 2.Nf3 d6 3.Bb5+ Bd7 4.Bxd7+ Qxd7 5.c4 Nc6 6.d4 Qg4 7.d5 Nd4 8.Nbd2 Nxf3+
9.Qxf3 Nf6 10.Qxg4 Nxg4 11.Nf3 e5 12.dxe6 fxe6 13.h3 Nf6 14.e5 dxe5 15.Nxe5 Bd6
16.Bf4 Rf8 17.Bh2 O-O-O 18.Rd1 Bc7 19.Ke2 Rxd1 20.Rxd1 Nh5 21.Ke3 g5 22.b3 a5
23.g4 Nf4 24.Bxf4 Rxf4 25.Nf3 h6 26.a4 b6 27.Nd2 Be5 28.f3 Rf8 29.Ne4 Kc7
30.Rh1 Bf4+ 31.Ke2 Kd7 32.h4 gxh4 33.Rxh4 Ke7 34.Nf2 Rd8 35.Nd3 Bg5 36.Rh1 e5
37.Rd1 Ke6 38.Nf2 Rd4 39.Ne4 Bf4 40.Rd3 Bg5 41.Rd1 Bf4 42.Nc3 Bg5 43.Nd5 Bd8
44.Rh1 Bg5 45.Rd1 Bd8 46.Rd3 Kf7 47.Nc3 Be7 48.Nb5 e4 49.Re3 Rd7 50.Rxe4 Bf6
51.f4 Bg7 52.f5 Kf6 53.Re6+ Kg5 54.Kf3  1-0

[Event "Lublin"]
[Site "Lublin"]
[Date "1974.??.??"]
[Round "6"]
[White "Pribyl, Josef"]
[Black "Adamski, Jan"]
[Result "1/2-1/2"]
[WhiteElo "2455"]
[BlackElo "2405"]

1.e4 c5 2.Nf3 d6 3.Bb5+ Nc6 4.O-O Bd7 5.Re1 Nf6 6.c3 a6 7.Bf1 Bg4 8.h3 Bh5
9.d3 e6 10.Be3 Be7 11.Nbd2 d5  1/2-1/2

[Event "Manila"]
[Site "Manila"]
[Date "1974.??.??"]
[Round "4"]
[White "Vasiukov, Evgeni"]
[Black "Cardoso, Radolfo Tan"]
[Result "1-0"]
[WhiteElo "2560"]
[BlackElo "2385"]

1.e4 c5 2.Nf3 d6 3.Bb5+ Bd7 4.Bxd7+ Qxd7 5.c4 g6 6.d4 cxd4 7.Nxd4 Bg7 8.O-O Nc6
9.Be3 Nf6 10.f3 O-O 11.Nc3 Rfc8 12.Nde2 Ne8 13.Qd2 Ne5 14.b3 Nc7 15.Rac1 Na6
16.Rfd1 Qd8 17.Nd5 Nc5 18.Bg5 f6 19.Be3 g5 20.Kh1 e6 21.Ndc3 Ncd3 22.Rb1 Bf8
23.Nd4 Qe8 24.Qe2 Nc5 25.g3 Nf7 26.Qg2 Nh6 27.f4 d5 28.exd5 exd5 29.Nxd5 Ng4
30.Bg1 Kh8 31.Rf1 Bg7 32.Nf5 Qh5 33.Rbe1 Nd3 34.Rd1 Nc5 35.Nxg7 Kxg7 36.fxg5 Qxg5
37.Ne7 Rc7 38.Rd5 Ne5 39.Bxc5 Kh8 40.Bd6 Rd7 41.Bxe5 Rxd5  1-0

[Event "Manila"]
[Site "Manila"]
[Date "1974.??.??"]
[Round "10"]
[White "Pfleger, Helmut"]
[Black "Quinteros, Miguel A"]
[Result "0-1"]
[WhiteElo "2535"]
[BlackElo "2495"]

1.e4 c5 2.Nf3 d6 3.Bb5+ Bd7 4.Bxd7+ Qxd7 5.O-O Nc6 6.c4 g6 7.Nc3 Bg7 8.d3 e6
9.Be3 Nd4 10.Bxd4 cxd4 11.Ne2 e5 12.Nd2 Ne7 13.b4 O-O 14.Nb3 f5 15.Qd2 Rac8
16.f3 h5 17.Kh1 Kh7 18.b5 Bh6 19.Qb4 Be3 20.Nd2 f4 21.Nb3 g5 22.a4 g4 23.Ng1 Rg8
24.Qe1 Ng6 25.Ra2 Rg7 26.c5 Qe6 27.Rb2 dxc5 28.Nd2 Rcg8 29.Nc4 Qe7 30.Rc2 b6
31.Ra2 Nh4 32.fxg4 Rxg4 33.Nf3 Nxg2 34.Qa1 Nh4 35.Ncxe5 Nxf3 36.Nxf3 Qe6
37.a5 R4g7 38.axb6 Qh3 39.Raf2 axb6 40.Qb1 Rg2 41.Qa2 Bxf2 42.Rxf2 Qxh2+  0-1

[Event "FRG-ch"]
[Site "Menden"]
[Date "1974.??.??"]
[Round "?"]
[White "Giesen, Dieter"]
[Black "Westermeier, Arnulf"]
[Result "0-1"]
[WhiteElo "2200"]
[BlackElo "2200"]

1.e4 c5 2.Nf3 d6 3.Bb5+ Bd7 4.Bxd7+ Qxd7 5.O-O Nf6 6.Re1 Nc6 7.c3 e6 8.d4 cxd4
9.cxd4 d5 10.e5 Ne4 11.Nbd2 Nxd2 12.Bxd2 Be7 13.a3 O-O 14.b4 a6 15.Qb3 h6
16.Qd3 Rac8 17.h3 f5 18.Reb1 b5 19.Ra2 Nb8 20.Rc1 Rc4 21.Bc3 Rfc8 22.Nd2 Bg5
23.Nxc4 dxc4 24.Qd1 Bxc1 25.Qxc1 Nc6 26.Rd2 Ne7 27.Rd1 Nd5 28.Qd2 f4 29.Rc1 f3
30.g3 Rf8 31.Qc2 Rd8 32.Qg6 Qf7 33.Qxf7+ Kxf7 34.Bd2 Rc8 35.Rc2 h5 36.Kh2 Kg6
37.g4 h4 38.Kg1 c3 39.Be3 a5 40.bxa5 Ra8 41.Kf1  0-1